Países Mencionado en Me Gustas Tú - Estadísticas

Estadísticas generales
  • Esta prueba ha sido intentada 22 veces
  • La puntuación promedio es 3 de 5
Estadísticas de respuestas
Repuesta % Correcto
Once de la noche en [...] {Nicaragua}.
78%
Doce de la noche en [...] {Cuba}.
61%
Once de la noche en [...] {El Salvador}.
61%
Me gusta {colombiana}, me gustas tú.
50%
Me gusta {Guatemala}.
50%
No se encontraron pruebas coincidentes
Distribución de puntuación
Porcentaje de gente con cada puntuación
Porcentaje por número respondido
Historial de tus puntuaciones
No has intentado esta prueba.